000 00330nam a2200145Ia 4500
008 220928s9999 xx 000 0 und d
082 _bRAJ
100 _aRAJASTHANI, EKRAM
245 0 _aGEETAN RO RAMJHOL
260 _bSANGHI PRAKASHAN, JAIPUR
_c1987
300 _a101
650 _aGeneral
942 _cBK
999 _c208267
_d208267
041 _aHINDI